Govt. of
Madhya Pradesh

Advaitic Ontology And Epistemology (Record no. 13640)

MARC details
000 -LEADER
fixed length control field 003870000a22001570004500
001 - CONTROL NUMBER
control field 001723
003 - CONTROL NUMBER IDENTIFIER
control field MACL
040 ## - CATALOGING SOURCE
Original cataloging agency MACL
090 ## - LOCALLY ASSIGNED LC-TYPE CALL NUMBER (OCLC); LOCAL CALL NUMBER (RLIN)
-- 13716
-- 13715
100 ## - MAIN ENTRY--PERSONAL NAME
Personal name Chattopadhyaya, Gauri
245 ## - TITLE STATEMENT
Title Advaitic Ontology And Epistemology
Remainder of title A Critical Reassessment
Statement of responsibility, etc. Gauri Chattopadhyaya
260 ## - PUBLICATION, DISTRIBUTION, ETC. (IMPRINT)
Place of publication, distribution, etc. Raka Prakashan,
Date of publication, distribution, etc. 2001
350 ## - PRICE (NR) (BK AM CF MU VM SE) [OBSOLETE]
Price 200
650 ## - SUBJECT ADDED ENTRY--TOPICAL TERM
Topical term or geographic name as entry element Ontology
942 ## - ADDED ENTRY ELEMENTS (KOHA)
Call number prefix 111
Koha item type Library Membar
Holdings
Withdrawn status Lost status Source of classification or shelving scheme Damaged status Not for loan Home library Current library Date acquired Cost, normal purchase price Total Checkouts Full call number Barcode Date last seen Uniform Resource Identifier Price effective from Koha item type
          MACL MACL   200.00   111/CHA CRE018019 02/05/2024 13518 15/04/2015 Books